| 000 | 00396nam a2200145Ia 4500 | ||
|---|---|---|---|
| 008 | 210210b1998 xxu||||| |||| 00| 0 eng d | ||
| 020 | _a81 204 0992 2 | ||
| 082 | _a581.0724 IGNP | ||
| 100 | _aIGNACIMUTHU (S). | ||
| 245 | _aPlant biotechnology. | ||
| 260 |
_aNew Delhi. _bOxford & IBH Publishing Co Pvt Ltd., _c1998 |
||
| 300 | _axxiii,284 | ||
| 690 | _aPlant Biotechnology | ||
| 906 | _aSG03806 | ||
| 999 |
_c114530 _d114530 |
||